Guia de requisitos para la instalacion de plantas industriales en zonas francas de Costa Rica

Guardat en:
Dades bibliogràfiques
Autor principal: Barrantes Bonilla, Juan Luis
Format: Thesis Llibre
Idioma:Undetermined
Publicat: 2002
Matèries:
Etiquetes: Afegir etiqueta
Sense etiquetes, Sigues el primer a etiquetar aquest registre!

MARC

LEADER 00000nam a2200000Ia 4500
001 8992
008 140114s9999 xx 000 0 und d
100 |a Barrantes Bonilla, Juan Luis 
245 |a Guia de requisitos para la instalacion de plantas industriales en zonas francas de Costa Rica 
260 |c 2002 
500 |a NULL 
502 |a Escuela de ingenieria Quimica 
650 |z PLANTAS INDUSTRIALES 
999 |c 12596  |d 12596